00777cam a2200241u 4500999001500000001000600015003000900021005001700030008004100047010001700088020001800105040003800123082001600161245003600177260003000213300004000243490002500283505002700308600003600335650003800371942001200409952011400421 c2236d223615774BD-DhUAP20210128125950.0830714s1970 it a 000 0bita  a 72321189  a9788857200450 aBD-DhUAPcBD-DhUAPdBD-DhUAPbEng 223a759 MAR aModigliani /cFrancesca Marini. aMilano :bSkira, cc2009. a95 pages :billustrations ;c17 cm. aSkira mini artbooks. aIncludes bibliography.10aModigliani, Amedeo,d1884-1920. aModigliani, Amedeo, -- 1884-1920. 2ddccBK 00102ddc4070aUAPCLbUAPCLcGeneral Stacksd2020-02-22o759 MARp3010015774r2020-02-22t1w2020-02-22yBK